| 000 | 00507nam a22001937a 4500 | ||
|---|---|---|---|
| 003 | MPLRDC | ||
| 005 | 20220104124522.0 | ||
| 008 | 210129b ||||| |||| 00| 0 eng d | ||
| 020 | _a957-775-032-X | ||
| 082 | _a308.9 KXCS v.16 | ||
| 100 | _a世一编辑部 | ||
| 245 |
_a环球世界奇遇记 _c |
||
| 250 | _a再版六刷 | ||
| 260 |
_a _b世一文化事业股份有限 _c1994 |
||
| 300 | _b平 | ||
| 490 | _a科学常识百科. 16 | ||
| 650 | _a儿童用科学丛书 | ||
| 942 |
_cBK _o308.9 KXCS v.16 |
||
| 999 |
_c19981 _d19971 |
||